| 000 | 00616nam a22001932 4500 | ||
|---|---|---|---|
| 001 | 0000006936 | ||
| 005 | 20151217152018.0 | ||
| 008 | 071027s xx 000 0 eng d | ||
| 020 |
_a0718822366 : _cKES 675 |
||
| 040 |
_aKABU _cKABU |
||
| 100 | 1 |
_aBeck, Brian E. _@0000157918 |
|
| 245 | 1 | 0 |
_aReading the New Testament today : _ban introduction to New Testament study / _cby Brian E. Beck. |
| 260 |
_aCambridge : _bLutterworth Press, _c1977. |
||
| 300 | _a 164 p. | ||
| 650 | 0 |
_aBible. N. T. _xStudy and teaching. _@0000157919 |
|
| 908 | _a071027 | ||
| 950 | _@1 | ||
| 999 |
_c7314 _d7314 |
||